000 00634cam a2200229 4500
008 090401t1996 xxu||||| |||| 00| 0 eng d
020 _a0750629738
035 _a(Sirsi) u14602
041 _aeng
050 _a658.404
110 _aTweeds
_92990
245 _aLaxton`s guide to risk analysis and management
260 _aOxford
_bLaxton`s
_c1996
300 _aviii, 152p. ; 24cm.
350 _a35
520 _aAttempts to demystify the subject of risk in a concise a way as possible.
650 _aRISK ANALYSIS
650 _aRISK MANAGEMENT
690 _aProject management
_96261
942 _n0
948 _c04/03/1997
999 _c87195
_d87195